|
|
|
|
| LEADER |
00000cam a2200000 4500 |
| 001 |
vtls012268895 |
| 003 |
SK-MaSNL |
| 005 |
20260425232439.0 |
| 008 |
250107s2024 xo hoacf n 100 0 slo |
| 015 |
|
|
|a SNBA2025/03
|
| 020 |
|
|
|a 9788089880119
|q (brožované)
|
| 040 |
|
|
|a SNK
|b slo
|c SNK
|e rda
|
| 041 |
1 |
|
|a slo
|a hun
|b hun
|b slo
|
| 043 |
|
|
|a e-xo---
|
| 044 |
|
|
|a xo
|c SK
|
| 072 |
|
7 |
|a 615
|x Farmácia. Farmakológia
|2 konspekt
|
| 080 |
|
|
|a 615.1
|2 2011
|
| 080 |
|
|
|a 615.014(091)
|2 2011
|
| 080 |
|
|
|a 615.15
|2 2011
|
| 080 |
|
|
|a 378
|2 2011
|
| 080 |
|
|
|a 005.745
|2 2011
|
| 080 |
|
|
|a (437.6)
|2 2011
|
| 080 |
|
|
|a (062.534)
|2 2011
|
| 080 |
|
|
|a 615.014
|2 2011
|
| 111 |
2 |
|
|a Sympózium z dejín farmácie
|n (28. :
|d 2024 :
|c Levice, Slovensko)
|4 aut
|9 473183
|
| 245 |
1 |
0 |
|a 28. sympózium z dejín farmácie
|b zborník prednášok z 28. sympózia z dejín farmácie, ktoré sa uskutočnilo pri príležitosti 360. výročia založenia lekárne K čiernemu orlu v Leviciach dňa 24. septembra 2024 v Tekovskom múzeu v Leviciach
|c Anton Bartunek, Richard R. Senček (edts.) ; preklady pre jazyk slovenský a maďarský: Zuzana Éderová
|
| 246 |
3 |
|
|a Dvadsiate ôsme sympózium z dejín farmácie
|
| 250 |
|
|
|a Vydanie: prvé
|
| 264 |
|
1 |
|a Banská Bystrica
|b Amtheon, s.r.o.
|c 2024
|
| 300 |
|
|
|a 279 strán
|b faksimile, fotografie, ilustrácie, portréty
|c 26 cm
|
| 336 |
|
|
|a text
|b txt
|2 rdacontent
|
| 337 |
|
|
|a bez média
|b n
|2 rdamedia
|
| 338 |
|
|
|a zväzok
|b nc
|2 rdacarrier
|
| 366 |
|
|
|e 120 kusov
|
| 500 |
|
|
|a Vydal Amtheon, s.r.o., Banská Bystrica v spolupráci s Tekovským múzeom v Leviciach a Slovenskou historickou spoločnosťou
|
| 500 |
|
|
|a Obsahuje poznámky pod čiarou
|
| 504 |
|
|
|a Obsahuje bibliografiu za jednotlivými príspevkami a bibliografické odkazy
|
| 546 |
|
|
|a Čiastočný text v maďarčine ; slovenské a maďarské abstrakty a kľúčové slová
|
| 650 |
0 |
7 |
|a farmácia
|2 SNKPH
|9 2467
|
| 650 |
0 |
7 |
|a dejiny farmácie
|2 SNKPH
|9 21665
|
| 650 |
0 |
7 |
|a lekárnici
|2 SNKPH
|9 17741
|
| 650 |
0 |
7 |
|a vysokoškolské štúdium
|2 SNKPH
|9 4044
|
| 650 |
0 |
7 |
|a sympózia
|2 SNKPH
|9 22177
|
| 650 |
0 |
7 |
|a Pharmacy
|2 SNKPHeng
|9 265418
|
| 650 |
0 |
7 |
|a History of pharmacy
|2 SNKPHeng
|9 300251
|
| 650 |
0 |
7 |
|a Pharmacists
|2 SNKPHeng
|9 266828
|
| 650 |
0 |
7 |
|a College study
|2 SNKPHeng
|9 265848
|
| 650 |
0 |
7 |
|a Symposiums
|2 SNKPHeng
|9 330753
|
| 650 |
0 |
7 |
|a lekárenstvo
|2 SNKPH
|9 105974
|
| 651 |
|
7 |
|a Slovensko
|2 SNKPHgeo
|9 14231
|
| 651 |
|
7 |
|a Slovakia
|2 SNKPHeng
|9 92630
|
| 655 |
|
7 |
|a zborníky konferencií
|2 SNKPH
|9 70153
|
| 655 |
|
7 |
|a Proceedings of conferences
|2 SNKPHeng
|9 265791
|
| 700 |
1 |
|
|a Bartunek, Anton,
|d 1945-
|4 edt
|9 167514
|
| 700 |
1 |
|
|a Senček, Richard,
|d 1973-
|4 edt
|4 bkd
|9 91252
|
| 700 |
1 |
|
|a Valášková, Ladislava,
|d 1975-
|4 rev
|9 252863
|
| 700 |
1 |
|
|a Krchnáková, Lucia,
|d 1975-
|4 rev
|9 182634
|
| 710 |
2 |
|
|a Tekovské múzeum v Leviciach
|4 pbl
|9 33129
|
| 710 |
2 |
|
|a Slovenská historická spoločnosť
|4 pbl
|9 32426
|
| 710 |
2 |
|
|a Éderová, Zuzana
|4 trl
|9 473184
|
| 852 |
|
|
|a Slovenská národná knižnica
|
| 919 |
|
|
|a 978-80-89880-11-9
|
| 954 |
|
|
|a odborná, vedecká literatúra pôvodná (slovenská)
|2 lita
|
| 954 |
|
|
|a odborná, vedecká literatúra cudzojazyčná (svetová)
|2 lita
|
| 958 |
|
|
|a NB
|
| 958 |
|
|
|a MI
|
| 999 |
|
|
|c 739813
|d 741743
|
| 952 |
|
|
|a SNK
|b SNK
|y VYP
|7 0
|p 17A1565331
|o snkSC 209472 D1
|i snk2025/3373
|8 0
|0 0
|1 0
|4 0
|d 2025-02-25
|l 0
|r 2026-02-23 22:56:03
|w 2026-02-23
|
| 952 |
|
|
|a SNK
|b SNK
|y PREZ
|7 0
|p 17A1565330
|o snkSC 209472
|i snk2025/3372
|8 0
|0 0
|1 0
|4 0
|d 2025-02-25
|f 1
|l 0
|r 2025-11-03 00:00:00
|w 2026-02-23
|